<?xml version="1.0" encoding="UTF-8"?><record xmlns="http://www.loc.gov/MARC21/slim" xmlns:zs="http://docs.oasis-open.org/ns/search-ws/sruResponse">
  <leader>02202cam a22003371  4500</leader>
  <controlfield tag="001">8326012</controlfield>
  <controlfield tag="005">20250608024356.7</controlfield>
  <controlfield tag="007">cr |||||||||||</controlfield>
  <controlfield tag="008">810615s1866    enkabcf       000 0 eng  </controlfield>
  <datafield ind1=" " ind2=" " tag="035">
    <subfield code="a">8326012</subfield>
  </datafield>
  <datafield ind1=" " ind2=" " tag="906">
    <subfield code="a">7</subfield>
    <subfield code="b">cbc</subfield>
    <subfield code="c">premver</subfield>
    <subfield code="d">u</subfield>
    <subfield code="e">ncip</subfield>
    <subfield code="f">19</subfield>
    <subfield code="g">y-gencatlg</subfield>
  </datafield>
  <datafield ind1=" " ind2=" " tag="010">
    <subfield code="a">   42046047 </subfield>
  </datafield>
  <datafield ind1=" " ind2=" " tag="040">
    <subfield code="a">DLC</subfield>
    <subfield code="c">CarP</subfield>
    <subfield code="d">DLC</subfield>
  </datafield>
  <datafield ind1=" " ind2=" " tag="043">
    <subfield code="a">a-bt---</subfield>
  </datafield>
  <datafield ind1="0" ind2="0" tag="050">
    <subfield code="a">DS485.B503</subfield>
    <subfield code="b">R4</subfield>
  </datafield>
  <datafield ind1="1" ind2=" " tag="100">
    <subfield code="a">Rennie, D. F.</subfield>
    <subfield code="q">(David Field),</subfield>
    <subfield code="d">-1868.</subfield>
  </datafield>
  <datafield ind1="1" ind2="0" tag="245">
    <subfield code="a">Bhotan and the story of the Dooar war,</subfield>
    <subfield code="b">including sketches of three months' residence in the Himalayas, and narrative of a visit to Bhotan in May, 1865,</subfield>
    <subfield code="c">by Surgeon Rennie.</subfield>
  </datafield>
  <datafield ind1=" " ind2=" " tag="260">
    <subfield code="a">London,</subfield>
    <subfield code="b">J. Murray,</subfield>
    <subfield code="c">1866.</subfield>
  </datafield>
  <datafield ind1=" " ind2=" " tag="300">
    <subfield code="a">xxiii, [1] p., 1 l., 408 p.</subfield>
    <subfield code="b">front., illus., pl., ports., fold. map.</subfield>
    <subfield code="c">21 cm.</subfield>
  </datafield>
  <datafield ind1=" " ind2=" " tag="520">
    <subfield code="a">The Dooar (or Duār) War of 1864-65 began as an attempt by the authorities in British India to annex from Bhutan the territory known as Duārs in order to stop what they claimed were incursions into India from Bhutan. David Field Rennie, who participated in the conflict as a military surgeon, wrote this book on his four-month voyage back to England. Bhutan, which is located at the eastern end of the Himalaya mountain range, was at that time one of the world's most isolated countries. Rennie's intention was to make Bhutan and its people better known in Europe. His work contains an account of the war and observations on the geography, history, people, and languages of the country. As a consequence of the war, Bhutan was forced to cede Duārs to British India. Duārs now constitutes a portion of the states of Assam and West Bengal in India. The book contains a large-scale foldout map of Bhutan.</subfield>
    <subfield code="c">World Digital Library.</subfield>
  </datafield>
  <datafield ind1=" " ind2=" " tag="530">
    <subfield code="a">Also available in digital form on the Library of Congress Web site.</subfield>
  </datafield>
  <datafield ind1=" " ind2="0" tag="651">
    <subfield code="a">Bhutan</subfield>
    <subfield code="x">Description and travel.</subfield>
  </datafield>
  <datafield ind1=" " ind2="0" tag="651">
    <subfield code="a">Bhutan</subfield>
    <subfield code="x">History.</subfield>
  </datafield>
  <datafield ind1="4" ind2="1" tag="856">
    <subfield code="d">gdclccn</subfield>
    <subfield code="f">42046047</subfield>
    <subfield code="u">http://hdl.loc.gov/loc.gdc/gdclccn.42046047</subfield>
  </datafield>
  <datafield ind1="4" ind2="1" tag="856">
    <subfield code="u">http://hdl.loc.gov/loc.wdl/wdl.2387</subfield>
  </datafield>
  <datafield ind1=" " ind2=" " tag="952">
    <subfield code="a">digital files not viewed; td12 2008-11-3</subfield>
  </datafield>
  <datafield ind1=" " ind2=" " tag="985">
    <subfield code="a">gdc</subfield>
    <subfield code="e">wdl/wdl1</subfield>
  </datafield>
  <datafield ind1=" " ind2=" " tag="985">
    <subfield code="a">gdc/wdl</subfield>
  </datafield>
  <datafield ind1=" " ind2=" " tag="985">
    <subfield code="a">pmpull</subfield>
    <subfield code="e">scd</subfield>
  </datafield>
  <datafield ind1=" " ind2=" " tag="985">
    <subfield code="a">asian/asiansadc</subfield>
  </datafield>
  <datafield ind1=" " ind2=" " tag="991">
    <subfield code="b">c-GenColl</subfield>
    <subfield code="h">DS485.B503</subfield>
    <subfield code="i">R4</subfield>
    <subfield code="t">Copy 1</subfield>
    <subfield code="w">PREM</subfield>
  </datafield>
</record>
